<?xml version="1.0" encoding="UTF-8"?>
<marc:record xmlns:marc="http://www.loc.gov/MARC21/slim">
   <marc:leader>00000nam a2200000 a 4500</marc:leader>
   <marc:datafield ind1="1" ind2=" " tag="100">
      <marc:subfield code="a">Hennen, L.</marc:subfield>
      <marc:subfield code="4">aut</marc:subfield>
      <marc:subfield code="e">Verfasser/-in</marc:subfield>
   </marc:datafield>
   <marc:datafield ind1="1" ind2=" " tag="100">
      <marc:subfield code="a">Anton, Jürgen</marc:subfield>
   </marc:datafield>
   <marc:datafield ind1=" " ind2=" " tag="653">
      <marc:subfield code="a">Nachhaltigkeit</marc:subfield>
   </marc:datafield>
   <marc:datafield ind1=" " ind2=" " tag="653">
      <marc:subfield code="a">Forschungspolitik</marc:subfield>
   </marc:datafield>
   <marc:datafield ind1=" " ind2=" " tag="653">
      <marc:subfield code="a">Entwicklung</marc:subfield>
   </marc:datafield>
   <marc:datafield ind1="0" ind2="0" tag="245">
      <marc:subfield code="a">Forschungs- und Technologiepolitik für eine nachhaltige Entwicklung</marc:subfield>
   </marc:datafield>
   <marc:datafield ind1="0" ind2="0" tag="245">
      <marc:subfield code="b">Zwischenbericht</marc:subfield>
   </marc:datafield>
   <marc:datafield ind1=" " ind2="1" tag="264">
      <marc:subfield code="a">Bonn</marc:subfield>
      <marc:subfield code="b">TAB</marc:subfield>
      <marc:subfield code="c">1998</marc:subfield>
   </marc:datafield>
   <marc:datafield ind1="1" ind2=" " tag="520">
      <marc:subfield code="a">Mit dem vorliegenden Zwischenbericht zum Projekt "Perspektiven einer umweltverträglichen Wirtschafts- und Produktionsweise beherrschenden Leitbildes der nachhaltigen Entwicklung" wird ein international vergleichender Überblick über Ansätze einer Integration in die FuT-Politik gegeben. Als Vorbild diente das niederländische Programm "Duurzame Technologische Ontwickeling". Deshalb bildet eine Analyse dieses Ansatzes und die Frage einer Übertragbarkeit auf die deutsche FuT-Politik den Schwerpunkt der Arbeiten. Daneben wurden weitere Recherchen zur praktischen Bedeutung des Leitbildes in der Forschungs- und Technologiepolitik europäischer Länder angestellt und ein Überblick über den Stand der gesellschaftlichen Diskussion um nachhaltige Entwicklung erarbeitet.</marc:subfield>
   </marc:datafield>
   <marc:datafield ind1="0" ind2=" " tag="490">
      <marc:subfield code="v">0</marc:subfield>
   </marc:datafield>
   <marc:datafield ind1=" " ind2=" " tag="300">
      <marc:subfield code="a">144 S.</marc:subfield>
   </marc:datafield>
</marc:record>
